La reforma monetaria en el IV Informe Presidencial /

में बचाया:
ग्रंथसूची विवरण
मुख्य लेखक: Marique Campos, Irma
स्वरूप: मूलपाठ
विषय:
टैग: टैग जोड़ें
कोई टैग नहीं, इस रिकॉर्ड को टैग करने वाले पहले व्यक्ति बनें!

MARC

LEADER 00000 a a2200000 04500
001 45869
003
040
100 |a Marique Campos, Irma  
245 |a La reforma monetaria en el IV Informe Presidencial /  |c Irma Manrique Campos  
650 |a ECONOMIA  
650 |a MEXICO  
773 |g número65 (1993), páginas 8-10  
999 |c 40208  |d 40208